00751nam a22001575i 4500001000700000003000900007005001700016008004100033040002000074100002100094245026400115260006200379300002200441650003000463852010000493160106ES-MaACL20230906211932.0040920s1883 cl |||| | spa d aCAM bspa cCAM1 aMontt, Ambrosio.10aVista del fiscal de la Corte Suprema Ambrosio Montt presentada al Consejo de Estado con motivo de la reclamacion interpuesta por la Compañía de Consumidores de Agua, contra el acuerdo municipal que se atribuye el dominio de las calles y plazas públicas. aValparaiso : b[s.n.], c1883 (fImprenta de "La Patria") a111 p. ; c20 cm. 4aAgua-zValparaiso (Chile) aES-MaACLjT-471-F-11 z-- Enc. hol. q-- Falto de la cub. originalz-- Enc. en un vol. facticio